Analýza vlivů působících na směnný kurz ghanského cedi modelem korekce chyby

Výskum hlavných determinantov pôsobiacich na nominálny výmenný kurz ghanského Cedi prostredníctvom korekcie chyby.

Enregistré dans:
Détails bibliographiques
Auteur principal: Nchor, Dennis
Format: Chapitre de livre
Langue:anglais
Sujets:
Tags: Ajouter un tag
Pas de tags, Soyez le premier à ajouter un tag!

MARC

LEADER 00000naa a2200000 4500
001 0186366
005 20220715093542.6
041 0 |a eng 
044 |a SK 
245 1 0 |a Analýza vlivů působících na směnný kurz ghanského cedi modelem korekce chyby  |c Dennis Nchor 
520 |a Výskum hlavných determinantov pôsobiacich na nominálny výmenný kurz ghanského Cedi prostredníctvom korekcie chyby. 
610 2 0 |a Ghana 
610 2 0 |a kurz výmenný 
610 2 0 |a sadzby úrokové 
610 2 0 |a metódy štatistické viacrozmerné 
100 1 |a Nchor, Dennis